get jinxed - djerv - Statistics

General Stats
  • This quiz has been taken 22 times
  • The average score is 155 of 171
Answer Stats
Answer % Correct
a
100%
and
100%
bit
100%
bombs
100%
bored
100%
but
100%
can
100%
catch
100%
come
100%
do
100%
energy
100%
ever
100%
face
100%
faster
100%
feeling
100%
get
100%
getting
100%
harder
100%
here
100%
i
100%
ignored
100%
im
100%
in
100%
is
100%
it
100%
its
100%
just
100%
little
100%
me
100%
might
100%
need
100%
now
100%
of
100%
on
100%
panic
100%
play
100%
really
100%
right
100%
shoot
100%
so
100%
the
100%
this
100%
trick
100%
try
100%
wanna
100%
we
100%
what
100%
you
100%
your
100%
blow
88%
bullets
88%
cause
88%
city
88%
for
88%
from
88%
jinxed
88%
join
88%
not
88%
pow
88%
see
88%
some
88%
something
88%
thinks
88%
to
88%
will
88%
fun
75%
lets
75%
long
75%
up
75%
youll
75%
ashes
63%
better
63%
guess
63%
much
63%
pathetic
63%
people
63%
such
63%
anarchy
50%
call
50%
scratch
50%
start
50%
sun
50%
neatness
38%
No matching quizzes found
Score Distribution
Percent of People with Each Score
Percentile by Number Answered
Your Score History
You have not taken this quiz